Pedagogía de los valores ciudadanos
El presente volumen recoge las ponencias y conclusiones del Foro Nacional sobre Pedagogía de los Valores Ciudadanos. Evento en el se hizo una seria reflexión acerca del problema de la construcción de valores que dieran consistencia al tejido social.
Uloženo v:
| Korporativní autor: | |
|---|---|
| Médium: | Kniha |
| Jazyk: | Spanish |
| Vydáno: |
Bogotá:
FES ; MEN,
1992
|
| Témata: | |
| On-line přístup: | Enlace del recurso |
| Tagy: |
Přidat tag
Žádné tagy, Buďte první, kdo vytvoří štítek k tomuto záznamu!
|
MARC
| LEADER | 00000nam a2200000 a 4500 | ||
|---|---|---|---|
| 001 | 001189 | ||
| 008 | 030922s1992 ck # fr# o000|0#spa#d | ||
| 041 | 0 | |a spa | |
| 043 | |a s-ck--- | ||
| 082 | 0 | 4 | |a 370.115 |b F852p |
| 110 | 2 | |a Fundación para la Educación Superior FES | |
| 245 | 1 | 0 | |a Pedagogía de los valores ciudadanos |c FES |
| 260 | |a Bogotá: |b FES ; MEN, |c 1992 | ||
| 300 | |a 106 p. | ||
| 520 | 3 | |a El presente volumen recoge las ponencias y conclusiones del Foro Nacional sobre Pedagogía de los Valores Ciudadanos. Evento en el se hizo una seria reflexión acerca del problema de la construcción de valores que dieran consistencia al tejido social. | |
| 650 | 1 | 4 | |a EDUCACIÓN EN VALORES |z COLOMBIA |
| 650 | 1 | 4 | |a VALORES |
| 999 | |c 3341 |d 3341 | ||
| 856 | |u https://catalogo.idep.edu.co/cgi-bin/koha/opac-detail.pl?biblionumber=3341 |z Enlace del recurso | ||